| 000 | 00866nam a22002651 4500 | ||
|---|---|---|---|
| 001 | 19686 | ||
| 003 | BD-RjUL | ||
| 005 | 20211209000450.0 | ||
| 008 | 140225s1955 enk 001 1 eng d | ||
| 035 | _a(BD-RjUL)19746 | ||
| 035 | _a(OCoLC)245783 | ||
| 040 |
_aDLC _cOClU _dOCoLC _dUk _dDLC _dBD-RjUL _beng |
||
| 041 | _aeng | ||
| 082 | 0 | 4 |
_221 _a828.302 _bWAM 1955 |
| 100 | 1 |
_aWalton, Geoffrey, _d1913- _960487 |
|
| 245 | 1 | 0 |
_aMetaphysical to Augustan; _bstudies in tone and sensibility in the seventeenth century / _cGeoffrey Walton. |
| 260 |
_aLondon : _bBowes & Bowes _c1955. |
||
| 300 |
_a160 p. _c23 cm. |
||
| 504 | _aIncludes index. | ||
| 650 | 0 |
_aEnglish poetry _yEarly modern, 1500-1700 _xHistory and criticism. _94392 |
|
| 651 | 0 |
_aGreat Britain _xIntellectual life _y17th century. _955006 |
|
| 942 |
_2ddc _cBK |
||
| 999 |
_c19686 _d19686 |
||